Państwa europejskie, które nie mają dostępu do morza - Statystyki

Ogólne statystyki
  • Ten quiz został rozwiązany 1 014 razy
  • Średni wynik to 14 z 18
Statystyki odpowiedzi
Państwo % Poprawnych
Czechy
96%
Słowacja
95%
Austria
91%
Białoruś
91%
Andora
89%
Watykan
89%
Węgry
89%
Szwajcaria
88%
Liechtenstein
87%
Luksemburg
86%
San Marino
86%
Serbia
85%
Kosowo
83%
Macedonia Północna
79%
Mołdawia
78%
Armenia
44%
Azerbejdżan
36%
Kazachstan
35%
Nie znaleziono quizów pasujących do podanych kryteriów
Rozkład punktacji
Procent ludzi z każdym wynikiem
Percentyl według liczby udzielonych odpowiedzi
Twoja historia wyników
Nie rozwiązałeś tego quizu